Car Models 2 - Statistics

General Stats
  • This quiz has been taken 129 times
  • The average score is 9 of 16
Answer Stats
Picture Answer % Correct
Mini Cooper
92%
Dodge Challenger
83%
Jeep Wrangler
77%
Ferrari LaFerrari
76%
Toyota Supra Mk5
74%
Dodge Charger
72%
Porsche Taycan
69%
Ford Bronco
63%
Lamborghini Huracan
55%
Bentley Continental GT
49%
Nissan Silvia S15
47%
Koenigsegg Jesko
45%
Aston Martin DB9
43%
Volkswagen Golf GTI MK2
30%
Renault 5 Turbo
24%
Peugeot 205 GTI
20%
No matching quizzes found
Score Distribution
Percent of People with Each Score
Percentile by Number Answered
Your Score History
You have not taken this quiz